000 01186naa a2200265 c 4500
001 47171
003 ES-MaCES
005 20160229134420.0
008 160229s2007 sp ||||| t||||||| ||spa d
040 _aES-MaCES
_bspa
_cES-MaCES
_dES-MaCES
100 1 _920639
_aPeña Pinto, Marcos
245 1 0 _aDiálogo social y negociación colectiva en la elaboración y desarrollo de la Ley de Prevención deRiesgos Laborales
_cMarcos Peña Pinto, Francisco González de Lena
610 1 4 _93029
_aEspaña
_d1995
_tLey de prevención de riesgos laborales
650 4 _928347
_asalud en el trabajo
650 4 _928348
_aseguridad en el trabajo
650 4 _929707
_aprevención
650 4 _928327
_acondiciones de trabajo
650 4 _930664
_aconcertación social
650 4 _928362
_anegociación colectiva
653 _aSalud
700 1 _913786
_aGonzález de Lena, Francisco
773 0 _923618
_dMadrid Instituto Nacional de Seguridad e Higiene en el Trabajo Fundación Largo Caballero 2007
_o070298
_tHistoria de la prevención de riesgos laborales en España
_w(ES-MaCES)20870
_z9788474257519
_gp. 283-291 . - SG-7.0.-296
902 _aARL Artículo de libro
942 _2CES
_cAR
_h3.1.
999 _c47171
_d47171